La contribución directa y la capitación en Chiapas y Guatemala en las décadas republicanas / Aaron Pollack
Guardado en:
| Autor principal: | |
|---|---|
| Formato: | Libro |
| Lenguaje: | Spanish |
| Etiquetas: |
Agregar Etiqueta
Sin Etiquetas, Sea el primero en etiquetar este registro!
|
MARC
| LEADER | 00000nam a22000007a 4500 | ||
|---|---|---|---|
| 003 | cru IIS | ||
| 005 | 20220818110328.0 | ||
| 007 | ta | ||
| 008 | 220818t2019 cr |||p|r|||| 00| 0 spa d | ||
| 040 | |c cru IIS | ||
| 100 | 1 | |9 10695 |a Pollack, Aaron |e Autor | |
| 245 | 1 | 3 | |a La contribución directa y la capitación en Chiapas y Guatemala en las décadas republicanas / |b Aaron Pollack |
| 300 | |a páginas 211-237: |b mapas | ||
| 500 | |a Colección Centroamérica | ||
| 773 | 0 | |0 18765 |9 7630 |a Universidad de Costa Rica. |d San José, Costa Rica: Editorial Universidad de Costa Rica, 1974- |o 23639 |t Anuario de Estudios Centroamericanos / |x 03777316 | |
| 942 | |2 ddc |c PP | ||
| 999 | |c 44507 |d 44507 | ||
